000
002330000a22000970004500
100
1
_a
McDonald, Neil
245
1
0
_a
En la boca : Un ejemplo de salud oral
300
_a
Núm 42 (2000), Páginas 2-4
773
0
_t
Paso a paso
942
_c
ANA
999
_c
52519
_d
52519